History Quiz

Random History or Nation Quiz
Score 0/28 Timer 06:00
1 Play Today
% Correct
Vladimir
95.4%
Joseph
94.8%
Mikhail
92.2%
Boris
91.5%
Vladimir
90.8%
Nikita
89.9%
Leo
89.5%
Yuri
89.3%
Leon
87.6%
Anton
80.7%
Fyodor
78.8%
Grigori
75.8%
Pyotr
68%
Alexander
67.2%
% Correct
Boris
65.5%
Garry
65.4%
Dmitri
65.1%
Alexander
54%
Boris
52.5%
Ivan
48.7%
Wassily
47.7%
Maxim
47.6%
Marina
44.6%
Alexander
43.6%
Georgy
41.6%
Sergei
41%
Nikolai
39.2%
Nadezhda
38.4%
Remove Ads.
Support Sporcle.
Get the best of Sporcle when you Go Orange. This ad-free experience offers more features, more stats, and more fun while also helping to support Sporcle. Thank you for becoming a member.

You're not logged in!

Compare scores with friends on all Sporcle quizzes.
OR
Log In

Show Comments

Extras

Top Quizzes Today


Score Distribution

Your Account Isn't Verified!

In order to create a playlist on Sporcle, you need to verify the email address you used during registration. Go to your Sporcle Settings to finish the process.

Report this User

Report this user for behavior that violates our Community Guidelines.

Details: